<?xml version="1.0" encoding="UTF-8"?><?xml-stylesheet type="text/xsl" href="static/style.xsl"?><OAI-PMH xmlns="http://www.openarchives.org/OAI/2.0/" xmlns:xsi="http://www.w3.org/2001/XMLSchema-instance" xsi:schemaLocation="http://www.openarchives.org/OAI/2.0/ http://www.openarchives.org/OAI/2.0/OAI-PMH.xsd"><responseDate>2026-06-29T02:46:31Z</responseDate><request verb="GetRecord" identifier="oai:docta.ucm.es:20.500.14352/115454" metadataPrefix="marc">https://docta.ucm.es/rest/oai/request</request><GetRecord><record><header><identifier>oai:docta.ucm.es:20.500.14352/115454</identifier><datestamp>2025-03-18T12:40:50Z</datestamp><setSpec>com_20.500.14352_14</setSpec><setSpec>col_20.500.14352_21</setSpec></header><metadata><record xmlns="http://www.loc.gov/MARC21/slim" xmlns:dcterms="http://purl.org/dc/terms/" xmlns:xsi="http://www.w3.org/2001/XMLSchema-instance" xmlns:doc="http://www.lyncode.com/xoai" xsi:schemaLocation="http://www.loc.gov/MARC21/slim http://www.loc.gov/standards/marcxml/schema/MARC21slim.xsd">
   <leader>00925njm 22002777a 4500</leader>
   <datafield ind2=" " ind1=" " tag="042">
      <subfield code="a">dc</subfield>
   </datafield>
   <datafield ind2=" " ind1=" " tag="720">
      <subfield code="a">Estella Noriega, Ignacio</subfield>
      <subfield code="e">author</subfield>
   </datafield>
   <datafield ind2=" " ind1=" " tag="720">
      <subfield code="a">Jareño, Claudia</subfield>
      <subfield code="e">author</subfield>
   </datafield>
   <datafield ind2=" " ind1=" " tag="720">
      <subfield code="a">Sanz-Gavillon, Anne-Claire</subfield>
      <subfield code="e">author</subfield>
   </datafield>
   <datafield ind2=" " ind1=" " tag="260">
      <subfield code="c">2021</subfield>
   </datafield>
   <datafield ind2=" " ind1=" " tag="520">
      <subfield code="a">Este capítulo de libro aborda la presencia del feminismo en el proyecto "Desacuerdos, sobre artes, políticas y esfera pública en el Estado español". Organizado por varias instituciones periféricas (MACBA, Centro José Guerrero, UNIA y Arteleku), este proyecto logró congregar a un importante número de investigadores en una estructura reticular entonces en alza. El traslado del director del MACBA a la institución señera del arte contemporáneo en España, el Museo Reina Sofía, supuso el alojamiento del proyecto en dicha institución y, con ello, el tránsito desde la periferia a la centralidad en la historiografía del arte contemporáneo en España. Posteriormente, varias de las exposiciones programadas en dicho museo ampliaban las investigaciones adelantadas anteriormente en "Desacuerdos". Finalmente, el manual de arte sobre este periodo del arte español de Cátedra, toda una referencia en la disciplina, se basa metodológicamente en "Desacuerdos". Por tanto, se puede constatar el hecho de que este proyecto se ha convertido en la referencia más importante sobre el arte contemporáneo en España.
A pesar de ello, en pocas ocasiones se alude al debate que se generó en torno a desacuerdos por parte de las autoras que se encargaron de la primera investigación sobre feminismo: incomodidades, cartas enviadas por los responsables de las instituciones involucradas y llamadas al orden institucional hicieron que el número monográfico sobre feminismo se retrasara hasta 2012. Este artículo relata lo ocurrido y plantea un análisis de las tensiones y de las fracturas ocasionadas con este caso de estudio.</subfield>
   </datafield>
   <datafield ind1="8" ind2=" " tag="024">
      <subfield code="a">Estella, I. “Paradojas del desacuerdo: la perspectiva feminista en el proyecto Desacuerdos". Libro: Jareño, Claudia y Sanz-Gavillon, Anne-Claire (Dirs.), Otras miradas. Voces y formas de la creación feminista desde los años 60 en el Estado español. Barcelona: Bellaterra, 2021, pp. 251-270.</subfield>
   </datafield>
   <datafield ind1="8" ind2=" " tag="024">
      <subfield code="a">978-84-18684-60-9</subfield>
   </datafield>
   <datafield ind1="8" ind2=" " tag="024">
      <subfield code="a">https://hdl.handle.net/20.500.14352/115454</subfield>
   </datafield>
   <datafield ind1="8" ind2=" " tag="024">
      <subfield code="a">https://www.bellaterra.coop/es/libros/otras-miradas</subfield>
   </datafield>
   <datafield ind2="0" ind1="0" tag="245">
      <subfield code="a">Paradojas del desacuerdo: la perspectiva feminista en el proyecto Desacuerdos</subfield>
   </datafield>
</record></metadata></record></GetRecord></OAI-PMH>